Wrestler by Best WWE Singles Match - Statistics

General Stats
  • This quiz has been taken 34 times
  • The average score is 67 of 150
Answer Stats
Opponent Event Answer % Correct
The Undertaker Wrestlemania 25 Shawn Michaels
90%
Drew McIntyre Crown Jewel 2021 Big E
86%
Cactus Jack Backlash 2004 Randy Orton
86%
Mick Foley Wrestlemania 22 Adam Copeland
81%
CM Punk SummerSlam 2013 Brock Lesnar
81%
Roman Reigns Wrestlemania XL Cody Rhodes
81%
Edge Unforgiven 2005 Matt Hardy
81%
Charlotte Fastlane 2016 Brie Bella
76%
John Cena SummerSlam 2013 Bryan Danielson
76%
CM Punk Bad Blood 2024 Drew McIntyre
76%
Ilja Dragunov NXT UK 2020 Gunther
76%
Sasha Banks RAW 2015 Nikki Bella
76%
Ricky Steamboat House Show 1986 Randy Savage
76%
John Cena One Night Stand 2006 Rob Van Dam
76%
Dolph Ziggler No Mercy 2016 The Miz
76%
Steve Austin Wrestlemania X-Seven The Rock
76%
Randy Savage Wrestlemania VII The Ultimate Warrior
76%
Shawn Michaels Wrestlemania 25 The Undertaker
76%
Cactus Jack Royal Rumble 2000 Triple H
76%
Sasha Banks NXT TakeOver: Brooklyn Bayley
71%
Charlotte Flair Evolution 2018 Becky Lynch
71%
Christian RAW 2003 Booker T
71%
Kurt Angle Royal Rumble 2003 Chris Benoit
71%
John Cena Money in the Bank 2011 CM Punk
71%
Randy Orton RAW 2013 Dustin Rhodes
71%
Randy Savage Prime Time Wrestling 1990 Dusty Rhodes
71%
CM Punk Money in the Bank 2011 John Cena
71%
Shane McMahon Unforgiven 2003 Kane
71%
Shawn Michaels Wrestlemania XXIV Ric Flair
71%
Cody Rhodes Hell in a Cell 2022 Seth Rollins
71%
John Cena Royal Rumble 2017 AJ Styles
67%
Rhea Ripley Wrestlemania 39 Charlotte Flair
67%
Chris Benoit Royal Rumble 2001 Chris Jericho
67%
Brock Lesnar No Way Out 2004 Eddie Guerrero
67%
Kyle O'Reilly NXT TakeOver 31 Finn Bálor
67%
The Rock Wrestlemania X8 Hulk Hogan
67%
CM Punk SummerSlam 2009 Jeff Hardy
67%
Sami Zayn Battleground 2016 Kevin Owens
67%
Shawn Michaels Wrestlemania 21 Kurt Angle
67%
Triple H Royal Rumble 2000 Mick Foley
67%
Chris Jericho The Bash 2009 Rey Mysterio
67%
Cody Rhodes Wrestlemania XL Roman Reigns
67%
Bayley NXT TakeOver: Brooklyn Sasha Banks
67%
Johnny Gargano NXT TakeOver: New Orleans Tommaso Ciampa
67%
Ember Moon NXT TakeOver: Brooklyn III Asuka
62%
Becky Lynch Wrestlemania 38 Bianca Belair
62%
Steve Austin Wrestlemania 13 Bret Hart
62%
Dragon Lee RAW 2023 Dominik Mysterio
62%
Gunther Clash at the Castle 2022 Sheamus
62%
Bret Hart Wrestlemania 13 Steve Austin
62%
John Cena Smackdown 2009 Big Show
57%
Dolph Ziggler TLC 2014 Brodie Lee
57%
Randy Orton SummerSlam 2011 Christian Cage
57%
Charlotte Flair Wrestlemania 39 Rhea Ripley
57%
King Kong Bundy MSG Network 1985 Andre the Giant
52%
Triple H Vengeance 2005 Batista
52%
Rey Mysterio Smackdown 2005 Chavo Guerrero Jr.
52%
The Miz No Mercy 2016 Dolph Ziggler
52%
Roman Reigns Clash of Champions 2020 Jey Uso
52%
Andrade Almas NXT TakeOver: Philadelphia Johnny Gargano
52%
Kevin Owens Royal Rumble 2016 Jon Moxley
52%
Daniel Bryan Wrestlemania 35 Kofi Kingston
52%
Bret Hart Wrestlemania X Owen Hart
52%
Randy Savage House Show 1986 Ricky Steamboat
52%
Adrian Neville NXT TakeOver: R Evolution Sami Zayn
52%
John Cena Wrestlemania 36 Bray Wyatt
48%
Sami Zayn NXT ArRival Claudio Castagnoli
48%
Gunther RAW 2025 Jimmy Uso
48%
John Cena Judgment Day 2005 John Layfield
48%
Rey Mysterio Smackdown 2009 John Morrison
48%
Shawn Michaels In Your House 7: Good Friends, Better Enemies Kevin Nash
48%
Bret Hart Wrestlemania VIII Roddy Piper
48%
Sheamus Clash in Paris 2025 Rusev
48%
Shawn Michaels Wrestlemania X Scott Hall
48%
Kurt Angle King of the Ring 2001 Shane McMahon
48%
Bret Hart SummerSlam 1992 The British Bulldog
48%
Becky Lynch Payback 2023 Trish Stratus
48%
Naomi NXT 2010 AJ Lee
43%
Ciampa RAW 2022 Bobby Lashley
43%
WALTER NXT UK 2020 Ilja Dragunov
43%
Trish Stratus Unforgiven 2006 Lita
43%
Big Show Vengeance 2011 Mark Henry
43%
Sasha Banks RAW 2017 Nia Jax
43%
Riddle RAW 2021 Xavier Woods
43%
Johnny Gargano NXT TakeOver: New York Adam Cole
38%
Bad Bunny Backlash 2023 Damian Priest
38%
Owen Hart SummerSlam 1998 Ken Shamrock
38%
Charlotte Flair Smackdown 2022 Naomi
38%
Sami Zayn NXT TakeOver: R Evolution PAC
38%
Sasha Banks RAW 2017 Paige
38%
John Cena Royal Rumble 2007 Umaga
38%
Randy Savage RAW 1994 Yokozuna
38%
Sasha Banks RAW 2017 Alexa Bliss
33%
Bronson Reed RAW 2024 Braun Strowman
33%
Tiffany Stratton Smackdown 2025 Jade Cargill
33%
Chris Benoit Backlash 2007 MVP
33%
Tyler Bate NXT TakeOver: Chicago 2017 Pete Dunne
33%
Sami Zayn NXT TakeOver: Dallas Shinsuke Nakamura
33%
Randy Savage MSG Network 1988 Ted DiBiase
33%
John Cena Hell in a Cell 2010 Wade Barrett
33%
Tyler Bate NXT Worlds Collide 2022 Bron Breakker
29%
Brock Lesnar Survivor Series 2016 Goldberg
29%
Rhea Ripley NXT 2020 IYO SKY
29%
Asuka RAW 2020 Liv Morgan
29%
Charlotte NXT TakeOver I Natalya
29%
Cody Rhodes Smackdown 2024 Solo Sikoa
29%
The Undertaker Smackdown 2006 The Great Khali
29%
Johnny Gargano NXT WarGames 2018 Aleister Black
24%
Randy Savage MSG Network 1992 Jake Roberts
24%
Diesel RAW 1994 Lex Luger
24%
The Undertaker Armageddon 2006 Mr. Anderson
24%
Johnny Gargano NXT TakeOver: Phoenix Ricochet
24%
Val Venis Fully Loaded 2000 Rikishi
24%
JD McDonagh RAW 2023 R-Truth
24%
Sami Zayn NXT 2016 Samoa Joe
24%
Shawn Michaels RAW 2005 Shelton Benjamin
24%
Johnny Gargano NXT TakeOver: Philadelphia Andrade El Idolo
19%
Eddie Guerrero Smackdown 2003 Billy Gunn
19%
El Hijo del Vikingo When Worlds Collide: Los Angeles Chad Gable
19%
Christian ECW 2009 Jack Swagger
19%
Shawn Michaels In Your House 2 Jeff Jarrett
19%
Shayna Baszler Mae Young Classic Final Kairi Sane
19%
Finn Bálor NXT TakeOver 31 Kyle O'Reilly
19%
Dolph Ziggler TLC 2011 Matt Cardona
19%
Asuka NXT TakeOver: Toronto 2016 Mickie James
19%
Melina One Night Stand 2008 Beth
14%
Hulk Hogan MSG Network 1989 Big Boss Man
14%
Jeff Hardy RAW 2007 Carlito
14%
Bret Hart SummerSlam 1991 Curt Hennig
14%
Chris Benoit Judgment Day 2006 Fit Finlay
14%
Randy Savage Saturday Night's Main Event 1990 Jim Duggan
14%
Daniel Bryan RAW 2013 Ryback
14%
Seth Rollins Night of Champions 2015 Sting
14%
Owen Hart One Night Only 1997 Vader
14%
Bret Hart European Spring Tour 1993 Bam Bam Bigelow
10%
Finn Bálor Smackdown 2023 LA Knight
10%
John Morrison ECW 2009 Matt Sydal
10%
Roddy Piper MSG Network 1989 Rick Rude
10%
Hideo Itami NXT TakeOver: Chicago 2017 Robert Roode
10%
Matt Riddle NXT TakeOver XXV Roderick Strong
10%
Ethan Page NXT 2025 Santino Marella
10%
Chris Benoit Velocity 2005 William Regal
10%
Kota Ibushi Cruiserweight Classic Quarter Final Brian Kendrick
5%
Chris Jericho Armageddon 1999 Chyna
5%
The Miz RAW 2010 Jerry Lawler
5%
Ken Shamrock RAW is WAR 1997 Ron Simmons
5%
Irwin R. Schyster Superstars 1994 Scott Steiner
5%
Shawn Michaels Survivor Series 1996 Sid Vicious
5%
Mick Foley RAW is WAR 1998 Terry Funk
5%
Bret Hart RAW 1994 Sean Waltman
0%
No matching quizzes found
Score Distribution
Percent of People with Each Score
Percentile by Number Answered
Your Score History
You have not taken this quiz